| 000 | 00768nam a2200193Ia 4500 | ||
|---|---|---|---|
| 003 | 0 | ||
| 005 | 20250130101023.0 | ||
| 008 | 150126s9999 xx 000 0 und d | ||
| 050 |
_aPHS HQ 799.2.W67 _b.T833 2014 |
||
| 100 | _aTrinidad, Amiel Mer O. | ||
| 245 |
_aCareer choice factors of the grade 11 students of Southville International School and Colleges / _cAmiel Mer O. Trinidad. |
||
| 260 |
_aLas PiƱas City, Philippines : _bSouthville International School and Colleges, _c2014. |
||
| 300 |
_a35 pages : _billustration ; _c28 cm. |
||
| 504 | _aIncludes bibliographical references. | ||
| 650 |
_aCareer choice _vPsychological aspects. |
||
| 650 |
_aVocational guidance _vHigh school students. |
||
| 650 |
_aAdolescents _vCareer aspirations. |
||
| 942 |
_2lcc _cPASS |
||
| 999 |
_c278694 _d278694 |
||